Smutná realita interní komunikace

Problematika úspešnej komunikácie. Korene umenia komunikácie v antickej kultúre. Schopnosť zaujať a presvedčiť protistranu. Komunikácia ako tvrdá práca. S úsmevom ide všetko lepšie. Negatívna komunikácia. Agresivita ako brzda kladných riešení. Môže firemná kultúra z(de)formovať osobnosť? Manažment,...

ver descrição completa

Na minha lista:
Detalhes bibliográficos
Autor principal: Olivová - Freyová, Kamila
Formato: Capítulo de Livro
Idioma:tcheco
Assuntos:
Tags: Adicionar Tag
Sem tags, seja o primeiro a adicionar uma tag!

MARC

LEADER 00000naa a2200000 4500
001 0149883
005 20231211073313.0
041 0 |a cze 
044 |a CZ 
245 1 0 |a Smutná realita interní komunikace  |c Kamila Olivová - Freyová 
520 |a Problematika úspešnej komunikácie. Korene umenia komunikácie v antickej kultúre. Schopnosť zaujať a presvedčiť protistranu. Komunikácia ako tvrdá práca. S úsmevom ide všetko lepšie. Negatívna komunikácia. Agresivita ako brzda kladných riešení. Môže firemná kultúra z(de)formovať osobnosť? Manažment, ktorý určuje firemnú kultúru a komunikačný štýl. Komunikácia medzi západnou materskou firmou a dcérskou východnou firmou. Empatia a schopnosť vnímať názory ostatných. 
610 2 0 |a komunikácia firemná 
610 2 0 |a komunikácia interná 
610 2 0 |a komunikácia manažérska 
610 2 0 |a kultúra podniková 
100 1 |a Olivová - Freyová, Kamila